| 000 | 00447cam a22001217a 4500 | ||
|---|---|---|---|
| 008 | 180718b1982 xxu||||| |||| 00| 0 eng d | ||
| 082 | _aA81x54 In2/81/16/Pt13B/KE | ||
| 100 | _aCensus of India 1981 | ||
| 245 | _aOrissa district census handbook, Kendujhar: village and townwise primary census abstract | ||
| 260 |
_aCuttack _bThe Survey and Map Publication _c1982 |
||
| 300 | _a291+p. | ||
| 440 | _aCensus of India 1981. Series-16, Orissa. Part XIII B | ||
| 999 |
_c483174 _d483174 |
||